00000000nam 2200000zi 4500
0019.944042
003CaOODSP
00520250123093342
006m     o  d f      
007cr mn|||||||||
008241010e202410##quca    obs  f000 0 eng d
020 |a9780660739953
040 |aCaOODSP|beng|erda|cCaOODSP
043 |an-cn---
045 |ay0y2
0861 |aEn4-144/71-1-2024E-PDF|zEn4-144/71-2024E-PDF
24500|aCanadian environmental sustainability indicators : |bsolid waste diversion and disposal.
24610|aSolid waste diversion and disposal
250 |a[October 2024 edition].
264 1|aGatineau QC : |bEnvironment and Climate Change Canada = Environnement et changement climatique Canada, |cOctober 2024.
264 4|c©2024
300 |a1 online resource (19 pages) : |bcolour illustrations
336 |atext|btxt|2rdacontent
337 |acomputer|bc|2rdamedia
338 |aonline resource|bcr|2rdacarrier
500 |aIssued also in French under title: Indicateurs canadiens de durabilité de l'environnement : réacheminement et élimination des déchets solides.
500 |aIncorrect catalogue number (En4-144/71-2024E-PDF) printed in this publication.
500 |a"Project code: EC24019"--Page 2.
504 |aIncludes bibliographical references.
520 |a"The way our economies extract, use, then dispose of resources is putting pressure on natural systems, communities and public health. Preventing and diverting waste by reusing, repairing, refurbishing, remanufacturing, repurposing, recycling and composting is a key component of a more circular economy which can help reduce the impact of solid waste on the environment. The circular economy seeks to keep products, materials and resources in use for as long as possible and then divert them from landfills to be reused in some way. Currently, most garbage collected for disposal ends up in landfills and a small amount is incinerated. This can lead to greenhouse gas emissions, air pollutant emissions, land disturbance and water pollution. The extraction and processing of new resources needed to replace those discarded as waste contribute to additional emissions and pollution. This indicator tracks the amount of solid waste diverted and disposed of in Canada. It tracks progress on the 2022 to 2026 Federal Sustainable Development Strategy, supporting the target: By 2030, reduce the amount of waste Canadians send to disposal by 30%, from a 2014 baseline"--Page 5.
650 0|aRefuse and refuse disposal|zCanada|vStatistics.
650 0|aEnvironmental indicators|zCanada.
655 7|aStatistics|2lcgft
7101 |aCanada. |bEnvironment and Climate Change Canada, |eissuing body.
77508|tIndicateurs canadiens de durabilité de l'environnement : |w(CaOODSP)9.944044
795 |tCanadian environmental sustainability indicators : |b(January 2024)|w(CaOODSP)9.932310
85640|qPDF|s870 KB|uhttps://publications.gc.ca/collections/collection_2025/eccc/en4/En4-144-71-1-2024-eng.pdf
8564 |qHTML|sN/A|uhttps://www.canada.ca/en/environment-climate-change/services/environmental-indicators/solid-waste-diversion-disposal.html
986 |aEC24019